000 00418nam a2200169Ia 4500
008 240729s9999 xx 000 0 und d
022 _a2674-0494
245 0 _aMeteorology
260 _aSwitzerland
260 _bMDPI AG
650 _a Meteorology. Climatology
650 _a Physics
650 _aScience
856 _uhttps://doaj.org/toc/09efc7815cc84ee7832acbbefdba8cd5
942 _2ddc
942 _cDOAJEJ
999 _c68458
_d68458
945 _a1
_bMadushi Gamage
_c1
_dMadushi Gamage